Normal view
MARC view
Entry Personal Name
001 - CONTROL NUMBER
- control field: 49136
003 - CONTROL NUMBER IDENTIFIER
- control field: dpl
005 - DATE AND TIME OF LATEST TRANSACTION
- control field: 20120615113316.0
008 - FIXED-LENGTH DATA ELEMENTS
- fixed length control field: 120615|||a|||||| | ||| d
040 ## - CATALOGING SOURCE
- Original cataloging agency: dpl
- Transcribing agency: dpl
100 ## - HEADING--PERSONAL NAME
- Personal name: Gaind, D.N.
670 ## - SOURCE DATA FOUND
- Source citation: Work cat.: (dpl): Gaind, D.N., Educational theories and modern trends /, 1961
670 ## - SOURCE DATA FOUND
- Source citation: Work cat.: (dpl): Gaind, D.N., Educational theories and modern trends /, 1961
